| 000 | 01075nam a2200289 a 4500 | ||
|---|---|---|---|
| 001 | 43531 | ||
| 003 | BD-RjUL | ||
| 005 | 20211209053718.0 | ||
| 008 | 160622m19691964enka b 001 0 eng | ||
| 020 | _a0422728608 | ||
| 035 | _a(BD-RjUL)43649 | ||
| 040 |
_aDLC _cDLC _beng _dBD-RjUL |
||
| 041 | 1 | _aengnor | |
| 082 |
_223 _a331.152094 _bEMF 1969 |
||
| 100 | 1 |
_aEmery, F. E. _q(Frederick Edmund) _9133724 |
|
| 245 | 1 | 0 |
_aForm and content in industrial democracy : _bsome experiences from Norway and other European countries / _cby F. E. Emery and Einar Thorsrud in cooperation with Eric Trist |
| 260 |
_aLondon : _bTavistock Publications, _c1969 |
||
| 300 |
_axi, 116 p. : _bill. ; _c23 cm. |
||
| 504 | _aIncludes bibliography: (p. 110-111) and index | ||
| 650 | 0 |
_aManagement _xEmployee participation _zNorway _9133725 |
|
| 650 | 0 |
_aManagement _xEmployee participation _zEurope _9133726 |
|
| 700 | 1 |
_aThorsrud, Einar. _9133727 |
|
| 700 | 1 |
_aTrist, E. L. _9133728 |
|
| 830 | 0 |
_aTechnology and democratic society _9133790 |
|
| 942 |
_2ddc _cBK |
||
| 999 |
_c43531 _d43531 |
||